| 000 | 00348nam a22001217a 4500 | ||
|---|---|---|---|
| 082 | _a200 THE | ||
| 100 |
_aZahra Khan _970097 |
||
| 245 | _aTH-SOF-1247-A Text Mining Approach to Detect Spam in Emails | ||
| 260 |
_aIslamabad _bNUST College of EME _c2015 |
||
| 650 | _aMS-CSE-12 MSTHESIS | ||
| 700 |
_aSupervisor Dr. Usman Qamar _969693 |
||
| 942 | _cCF | ||
| 999 |
_c577140 _d577140 |
||